00463 2200169 4500245009100000020001800091250001700109100002400126650001200150650001600162005001900178260003800197041001400235084001000249300002500259336000900284 aEkonomi Mikro b : Ringkasan Teori, Soal, Trik dan JawabancDr. Catur SugiyantohText a979-503-321-2 aPertama 2002 aDr. Catur Sugiyanto aEkonomi aIlmu sosial a20240904122945 aYogyakartabBPFE Yogyakartac2002 aIndonesia a338.5 a286 halaman :c25 cm atext